|
|
|
|
| LEADER |
01868nam a2200397 a 4500 |
| 001 |
EBC1388829 |
| 003 |
MiAaPQ |
| 005 |
20200520144314.0 |
| 006 |
m o d | |
| 007 |
cr cn||||||||| |
| 008 |
130628s2013 enkad sb 001 0 eng d |
| 010 |
|
|
|z 2013024673
|
| 020 |
|
|
|z 9781118676936 (cloth)
|
| 020 |
|
|
|a 9781118676868 (electronic bk.)
|
| 035 |
|
|
|a (MiAaPQ)EBC1388829
|
| 035 |
|
|
|a (Au-PeEL)EBL1388829
|
| 035 |
|
|
|a (CaPaEBR)ebr10748651
|
| 035 |
|
|
|a (CaONFJC)MIL511755
|
| 035 |
|
|
|a (OCoLC)876507854
|
| 040 |
|
|
|a MiAaPQ
|c MiAaPQ
|d MiAaPQ
|
| 050 |
|
4 |
|a HD59
|b .S451563 2013
|
| 082 |
0 |
4 |
|a 659.20285/4678
|2 23
|
| 245 |
0 |
0 |
|a Share this too
|h [electronic resource] :
|b more social media solutions for PR professionals /
|c Chartered Institute of Public Relations (CIPR) ; edited by Rob Brown and Stephen Waddington.
|
| 260 |
|
|
|a Chichester, West Sussex :
|b John Wiley and Sons, Inc.,
|c 2013.
|
| 300 |
|
|
|a xii, 312 p. :
|b ill. (chiefly col.)
|
| 504 |
|
|
|a Includes bibliographical references and index.
|
| 505 |
0 |
|
|a pt. I. The future of public relations -- pt. II. Audiences and online habits -- pt. III. Conversations -- pt. IV. New channels, new connections -- pt. V. Professional practice -- pt. VI. Business change and opportunities for the public relations industry -- pt. VII. Future proofing the public relations industry.
|
| 533 |
|
|
|a Electronic reproduction. Ann Arbor, MI : ProQuest, 2015. Available via World Wide Web. Access may be limited to ProQuest affiliated libraries.
|
| 650 |
|
0 |
|a Public relations.
|
| 650 |
|
0 |
|a Social media.
|
| 655 |
|
4 |
|a Electronic books.
|
| 700 |
1 |
|
|a Brown, Rob,
|d 1962 December 17-
|
| 700 |
1 |
|
|a Waddington, Stephen.
|
| 710 |
2 |
|
|a Chartered Institute of Public Relations.
|
| 710 |
2 |
|
|a ProQuest (Firm)
|
| 856 |
4 |
0 |
|u https://ebookcentral.proquest.com/lib/matrademy/detail.action?docID=1388829
|z Click to View
|